000 01438cam a2200409 i 4500
001 33141
003 KOSZ 005
005 20191204120628.0
008 991222s1998 pl f f |000 0 pol
015 _aPB 2000/95
020 _a8371990286
040 _aWA N
_cWA N
_dKOSZ 005/HR
046 _k1998
080 _a339.138
080 _a338.48
080 _a(075.8)
245 0 0 _aMarketing usług turystycznych.
_nCz. 1 /
_cAntoni Jarosz [et al. ; pod red. naukową Antoniego Jarosza].
260 _aRzeszów :
_bOficyna Wydawnicza Politechniki Rzeszowskiej,
_c1998.
300 _a224 s. ;
_c23 cm.
336 _2rdacontent
_aTekst
_btxt
337 _2rddamedia
_aBez urządzenia pośredniczącego
_bn
338 _2rdacarrier
_aWolumin
_bnc
380 _aKsiążki
380 _aPublikacje dydaktyczne
385 _mPoziom nauczania
_aSzkoły wyższe
388 _a1901-2000
388 _a1989-2000
521 8 _aSkrypt uczelniany dla studentów Wydz. Zarządzania i Marketingu.
658 _aZarządzanie i marketing
655 4 _aPodręczniki akademickie
650 4 _aMarketing
650 4 _aPrzedsiębiorstwo turystyczne
700 1 _aJarosz Antoni
_d(1938- ).
_eAutor
_eRedakcja
710 2 _aPolitechnika Rzeszowska.
_bOficyna Wydawnicza.
_4pbl.
856 4 1 _uhttp://koha.tu.koszalin.pl/cgi-bin/koha/opac-detail.pl?biblionumber=33141
_yKatalog online BPK
942 _2UKD
_cKS
999 _c33141
_d33141